The Good Place: Characters by Picture - Statistics

General Stats
  • This quiz has been taken 237 times
  • The average score is 16 of 28
Answer Stats
Picture Answer % Correct
Chidi Anagonye
97%
Eleanor J. Shellstrop
97%
Janet
97%
Jason Mendoza
95%
Michael
94%
Tahani Al-Jamil
92%
Bad Janet
86%
Derek Hostetler
78%
Mindy St. Claire
75%
Shawn
73%
Vicky Sengupta
72%
Honorable Judge Hydrogen
62%
Simone Garnett
60%
Kamilah Al-Jamil
59%
Donkey Doug
57%
Doug Forcett
57%
Brent Norwalk
50%
Donna Shellstrop
48%
Trevor
45%
John Wheaton
43%
Jeff the Doorman
39%
Steven "Pillboi" Peleaz
37%
Hypatia
36%
Chris Baker
33%
Matt
14%
Gwendolyn
11%
Neil
10%
Chuck
6%
No matching quizzes found
Score Distribution
Percent of People with Each Score
Percentile by Number Answered
Your Score History
You have not taken this quiz